| 000 | 00426nam a2200145Ia 4500 | ||
|---|---|---|---|
| 008 | 230917s9999||||xx |||||||||||||| ||und|| | ||
| 040 |
_e8865 _aMAIN |
||
| 041 | _aEnglish | ||
| 082 | _a327.51 F328C | ||
| 100 | _aFeis, Herbert | ||
| 245 | 0 | _aChina tangle: The American effort in China form Pearl Harbor to the Marshall mission | |
| 260 |
_aPrinceton _bPrinceton University Press _c1972 |
||
| 300 | _ax, 444 p. | ||
| 942 | _cBK | ||
| 999 |
_c210526 _d210526 |
||